000 00462nam a2200181Ia 4500
001 20978
005 20260306172845.0
008 260306t2023||||xx |||||||||||||| ||spa||
041 _aESP
082 _a343.811
_bG16G
100 _aGálvez Ñañez, Ricardo,
_eAUT
245 0 _aGuía de clasificadores presupuestarios año fiscal 2023
260 _c2023
300 _a510 páginas :
_c25 cm.
650 _aGEN
654 _aCCO
942 _cLIB
_dJUS
_fJUS
_2ddc
_n
999 _c20978
_d20978